000 00642nam a22002057a 4500
005 20100810164052.0
010 _aENG-99219
020 _c100.00
035 _a82751
037 _bDBAD/PUB
082 _a881
100 _aChoudhuri, Pradip
_910487
245 _aThe assassin and the dahlia /
_cby Pradip Choudhuri
260 _aCalcutta
_bEdition PPHOO
_c2006
270 _a73 Regent Estate
_bCalcutta
_e700092
300 _a104p.
_c21cm (pbk)
650 _aEnglish Poetry
_910488
942 _2ddc
_cEN
_h881
_mCHO
999 _c40812
_d40812